| 000 | 01024nam a22001937a 4500 | ||
|---|---|---|---|
| 003 | BR-ViAPE | ||
| 005 | 20260417115443.0 | ||
| 008 | 260417s1925 por gs||||s000 0 por d | ||
| 040 | _cBR-ViAPE | ||
| 110 |
_aEspírito Santo _bEstado |
||
| 245 | _aRelatório apresentado pelo Dr. Moacyr Avidos Secretário da Agricultura, Terras e Obras do Estado do Espírito Santo, ao Exmo. Snr. Dr. Florentino Avidos, d. d. Presidente do Estado, em obediência ao disposto no artigo 11 da lei n 1.440, de 10 de junho de 1924 | ||
| 260 |
_aVitória _bOfficinas da Vida Capichaba _c1925 |
||
| 300 |
_a153 p. _bDocumento digitalizado (PDF) |
||
| 500 | _aDocumento digitalizado do acervo institucional do Arquivo Público do Estado do Espírito Santo - APEES. | ||
| 650 |
_xAdministração pública _zEspírito Santo |
||
| 651 |
_aEspírito Santo _xRelatórios governamentais |
||
| 856 |
_uhttps://ape.es.gov.br/Media/ape/PDF/Relatorios/1919/relatorio%203%20-%20ano%201925-1.pdf _yCLIQUE AQUI PARA ACESSAR O DOCUMENTO |
||
| 942 |
_2ddc _cMSGREL _n1 |
||
| 999 |
_c494 _d494 |
||